[Event "17th Reykjavik op"]
[Site "Reykjavik ISL"]
[Date "1996.03.09"]
[Round "8.17"]
[White "Bjarnason, Saevar"]
[Black "Gunnarsson, Jon Viktor"]
[Result "0-1"]
[WhiteElo "2305"]
[BlackElo "2180"]
[EventDate "1996.03.02"]
[PlyCount "74"]

1.c4 Nf6 2.g3 c5 3.Bg2 g6 4.Nf3 Bg7 5.Nc3 Nc6 6.d4 cxd4 7.Nxd4 O-O 8.O-O 
Nxd4 9.Qxd4 d6 10.Qd3 a6 11.Rd1 Qc7 12.Bg5 Bf5 13.e4 Be6 14.b3 Ng4 15.Bd2 
Qc5 16.Be1 b5 17.cxb5 axb5 18.Rac1 Qh5 19.h4 b4 20.Nd5 Bxd5 21.exd5 Ne5 
22.Qc2 Qg4 23.Kh1 Rfc8 24.Qd2 Rxc1 25.Rxc1 Qf5 26.Qe2 Qd3 27.Bf1 Qxe2 28.
Bxe2 Rxa2 29.Bb5 Bh6 30.Rc8+ Kg7 31.Bxb4 Rxf2 32.Bc3 Kf6 33.Kg1 Be3 34.Kh1
Kf5 35.Bxe5 dxe5 36.Bd7+ Ke4 37.Bc6 Kf3 0-1

[Event "17th Reykjavik op"]
[Site "Reykjavik ISL"]
[Date "1996.03.09"]
[Round "8.18"]
[White "Einarsson, Bergsteinn"]
[Black "Jonasson, Benedikt"]
[Result "0-1"]
[WhiteElo "2175"]
[BlackElo "2280"]
[EventDate "1996.03.02"]
[PlyCount "66"]

1.d4 Nf6 2.c4 c5 3.d5 g6 4.Nc3 Bg7 5.e4 d6 6.f3 O-O 7.Nge2 e6 8.a4 exd5 9.
cxd5 Nbd7 10.Ng3 a6 11.Be2 Re8 12.O-O Rb8 13.Bf4 Qe7 14.Qd2 Qf8 15.Rfe1 h5
16.Nf1 Ne5 17.Ne3 h4 18.Bg5 h3 19.Bxf6 Bxf6 20.f4 Nd7 21.Bf3 hxg2 22.Nxg2 
Qh6 23.Nd1 Bd4+ 24.Kh1 Kg7 25.Nge3 Nf6 26.Nf1 Bg4 27.Bxg4 Nxg4 28.Ra3 Nf6 
29.Ng3 Nh5 30.Nxh5+ Qxh5 31.Rg3 Rh8 32.Ne3 Kf8 33.b3 $2 ( 33.Nc4 $142 $13 
b5 34.Nxd6 bxa4 35.Nc4 Rb3 36.Rxb3 axb3 37.Qg2 ) 33...Bc3 $19 ( 33...Bc3 
34.Qxc3 Qxh2# ) 0-1

[Event "17th Reykjavik op"]
[Site "Reykjavik ISL"]
[Date "1996.03.09"]
[Round "8.19"]
[White "Thorarinsson, Pall"]
[Black "Halldorsson, Bragi"]
[Result "1/2-1/2"]
[WhiteElo "2065"]
[BlackElo "2265"]
[EventDate "1996.03.02"]
[PlyCount "79"]

1.c4 c6 2.d4 d5 3.Nf3 Nf6 4.Nc3 dxc4 5.a4 Bf5 6.Nh4 Bc8 7.Nf3 Bg4 8.Ne5 
Nbd7 $2 {Dies ist keine nachahmenswerte Idee.} 9.Nxg4 ( 9.Nxc4 $5 {mit der
Absicht, f2-f3 nebst e2-e4 folgen zu lassen, sieht auch gut aus.} ) 9...
Nxg4 10.e4 e5 $6 11.d5 $6 ( 11.Qxg4 exd4 12.Nb1 Ne5 ( 12...d3 13.Nc3 {ist 
ungenuegend fuer Schwarz.} ) ( 12...b5 13.axb5 cxb5 14.Be2 {duerfte auch 
nicht ausreichen.} ) 13.Qg3 Qa5+ ( 13...f6 14.f4 {kostet den Schwarzen den
c-Bauern.} ) 14.Bd2 Bb4 15.Qxg7 {Jetzt finde ich keine befriedigende 
Angriffsfortsetzung fuer Schwarz:} ( 15.Bxb4 Qxb4+ 16.Nd2 f6 $13 ) ( 15.f4
Bxd2+ 16.Nxd2 c3 17.bxc3 dxc3 18.Nc4 ( 18.Nb3 Qb4 19.fxe5 Qxb3 20.Bd3 ( 
20.Be2 Qb2 21.Kf2 c2 {ist auch nicht klar.} ) 20...O-O-O 21.O-O c2 $13 ) 
18...Nxc4 19.Bxc4 O-O-O $13 ) 15...O-O-O 16.f4 c3 17.Qxe5 cxb2 18.Qxa5 ( 
18.Ra2 Bxd2+ 19.Kd1 Qxe5 20.fxe5 Bc1 $13 ) 18...bxa1=Q 19.Qxb4 d3 20.g3 
$18 {Es scheint, da@int, das Figurenopfer nicht korrekt ist. Nach anderen 
Zuegen als 10...e5 steht Schwarz natuerlich auch schlecht.} ) 11...Ngf6 
12.dxc6 bxc6 13.Bxc4 Bc5 14.O-O Rb8 15.a5 O-O 16.Qe2 Qc7 17.Bg5 h6 18.Bh4 
Bd4 19.Rfc1 Qd6 20.Kh1 Nc5 21.Bxf6 Qxf6 22.Rc2 Nb3 23.Ra3 Bxc3 24.Bxb3 Bd4
25.Bc4 Qd6 26.Rg3 Rxb2 27.Rxb2 Bxb2 28.Qg4 Qf6 29.h4 Kh7 30.Rf3 Qg6 31.
Qxg6+ Kxg6 32.h5+ Kh7 33.Rxf7 Rxf7 34.Bxf7 a6 35.g4 Bc3 36.f3 Bxa5 37.Bc4 
Bd2 38.Bxa6 Kg8 39.Kg2 Kf7 40.Kf2 1/2-1/2

[Event "17th Reykjavik op"]
[Site "Reykjavik ISL"]
[Date "1996.03.09"]
[Round "8.22"]
[White "Bjornsson, Bjorn Freyr"]
[Black "Halldorsson, Jon Arni"]
[Result "1-0"]
[WhiteElo "2230"]
[BlackElo "2160"]
[EventDate "1996.03.02"]
[PlyCount "83"]

1.e4 e6 2.d3 c5 3.Nf3 Nc6 4.g3 g6 5.Bg2 Bg7 6.O-O Nge7 7.Re1 O-O 8.Nbd2 b6
9.e5 d5 10.Nf1 Qc7 11.Bf4 Bb7 12.h4 h5 13.c3 d4 14.c4 a6 15.Qe2 b5 16.b3 
bxc4 17.bxc4 Nf5 18.Ng5 Nce7 19.Bxb7 Qxb7 20.Rab1 Qc7 21.Ne4 Rfb8 22.Nfd2 
Kf8 23.Nd6 Rxb1 24.Rxb1 Rb8 25.Rxb8+ Qxb8 26.Nb3 Nc6 27.Nxc5 Qa7 28.Nb3 a5
29.Qe4 Nfe7 30.a4 Qb6 31.Nb5 Nf5 32.c5 Qa6 33.N3xd4 Nfxd4 34.Nxd4 Nb4 35.
Nb5 Nd5 36.Bd2 Kg8 37.d4 Bf8 38.g4 hxg4 39.Qxg4 Be7 40.h5 Kg7 41.hxg6 fxg6
42.Qh3 1-0

[Event "17th Reykjavik op"]
[Site "Reykjavik ISL"]
[Date "1996.03.09"]
[Round "8.25"]
[White "Gunnarsson, Arnar"]
[Black "Van Parreren, Hanneke"]
[Result "1-0"]
[WhiteElo "2130"]
[BlackElo "2180"]
[EventDate "1996.03.02"]
[PlyCount "67"]

1.c4 e6 2.Nf3 d5 3.e3 Nf6 4.b3 Be7 5.Bb2 O-O 6.Be2 Nbd7 7.O-O b6 8.Qc2 Bb7
9.d3 c5 10.Nbd2 Bd6 11.Rad1 Rc8 12.Qb1 Qe7 13.Rfe1 Rfd8 14.Qa1 a6 15.Bf1 
Re8 16.cxd5 exd5 17.e4 dxe4 18.dxe4 Bc7 19.e5 Nd5 20.Ne4 b5 21.a4 Bc6 22.
axb5 axb5 23.Qc1 Nxe5 24.Bxe5 Bxe5 25.Nc3 Qd6 26.Nxb5 Bxb5 27.Bxb5 Bf4 28.
Rxe8+ Rxe8 29.Qc4 Rd8 30.g3 Be5 31.Nxe5 Qxe5 32.Qd3 Rb8 33.Qxd5 Qxd5 34.
Rxd5 1-0

[Event "17th Reykjavik op"]
[Site "Reykjavik ISL"]
[Date "1996.03.09"]
[Round "8.27"]
[White "Werner, Bernd-Michael"]
[Black "Schmied, Andreas"]
[Result "1-0"]
[WhiteElo "2165"]
[BlackElo "2155"]
[EventDate "1996.03.02"]
[PlyCount "66"]

1.e4 c5 2.Nc3 Nc6 3.g3 g6 4.Bg2 Bg7 5.d3 d6 6.Nge2 e5 7.O-O Nge7 8.a3 Rb8 
9.Bd2 b5 10.Qc1 O-O 11.Nd1 a5 12.Ne3 Nd4 13.Qd1 f5 14.c3 Nxe2+ 15.Qxe2 f4 
16.Nd5 Nxd5 17.exd5 Qf6 18.gxf4 exf4 19.Qf3 g5 20.Bh3 Bxh3 21.Qxh3 Qf5 22.
Qf3 Rf6 23.Rfe1 Rh6 24.Kg2 Rf8 25.h3 Rh4 26.Rg1 h5 27.Rae1 Be5 28.b3 Rf6 
29.Rh1 g4 30.Qe4 gxh3+ 31.Kf1 h2 32.Qxf5 Rxf5 33.f3 Rg5 1-0

[Event "17th Reykjavik op"]
[Site "Reykjavik ISL"]
[Date "1996.03.09"]
[Round "8.28"]
[White "Gustafson, Dale"]
[Black "Thorsson, Olafur"]
[Result "0-1"]
[WhiteElo "2090"]
[BlackElo "2160"]
[EventDate "1996.03.02"]
[PlyCount "68"]

1.e4 d5 2.exd5 Nf6 3.Nf3 Nxd5 4.d4 g6 5.c4 Nb6 6.Be3 Bg7 7.Qd2 Bg4 8.Nc3 
Nc6 9.Rd1 e5 10.d5 Nd4 11.Be2 Bxf3 12.gxf3 Nxc4 13.Qc1 Nxe3 14.fxe3 Qh4+ 
15.Kf1 Bh6 16.Ne4 O-O 17.Qc3 Nf5 18.Rd3 Rad8 19.Qxe5 Bg7 20.Qxc7 Rxd5 21.
Qf4 Qh3+ 22.Kf2 Rb5 23.b3 Re5 24.Bf1 Qh5 25.h4 Rc8 26.Be2 Ne7 27.Nf6+ Bxf6
28.Qxf6 Nd5 29.Qd6 Rc2 30.Qd8+ Kg7 31.Re1 Qf5 32.e4 Qf4 33.Rxd5 Rxe4 34.
Qg5 Qh2+ 0-1

[Event "17th Reykjavik op"]
[Site "Reykjavik ISL"]
[Date "1996.03.09"]
[Round "8.29"]
[White "Thorfinnsson, Bragi"]
[Black "Sigurjonsson, Stefan Thor"]
[Result "1/2-1/2"]
[WhiteElo "2155"]
[BlackElo "2125"]
[EventDate "1996.03.02"]
[PlyCount "42"]

1.e4 e6 2.d4 d5 3.e5 c5 4.c3 Nc6 5.Be3 Qb6 6.Qd2 cxd4 7.cxd4 Nge7 8.Nc3 
Nf5 9.Nf3 Be7 10.Bd3 Nxe3 11.fxe3 f6 12.exf6 Bxf6 13.O-O Bd7 14.a3 O-O-O 
15.b4 Kb8 16.Rfc1 Ne7 17.Qf2 Qd6 18.e4 dxe4 19.Nxe4 Qf4 20.b5 Be8 21.Nxf6 
gxf6 1/2-1/2

[Event "17th Reykjavik op"]
[Site "Reykjavik ISL"]
[Date "1996.03.09"]
[Round "8.30"]
[White "Berg, Bo"]
[Black "Schubert, Hans-Joachim"]
[Result "1-0"]
[WhiteElo "2085"]
[BlackElo "2120"]
[EventDate "1996.03.02"]
[PlyCount "53"]

1.e4 e5 2.Nf3 Nc6 3.d4 exd4 4.Bc4 Bc5 5.Ng5 Nh6 6.Bxf7+ Nxf7 7.Nxf7 Kxf7 
8.Qh5+ g6 9.Qxc5 d6 10.Qd5+ Be6 11.Qb5 a6 12.Qd3 d5 13.Nd2 Nb4 14.Qb3 Qe7 
15.a3 Nc6 16.Qxb7 Qd6 17.Nf3 Ke7 18.Bf4 Qxf4 19.Qxc6 Bg4 20.exd5 Bxf3 21.
O-O Bg4 22.Rae1+ Kf7 23.f3 Bf5 24.g4 Rhg8 25.gxf5 gxf5+ 26.Kh1 Raf8 27.
Qd7+ 1-0

[Event "17th Reykjavik op"]
[Site "Reykjavik ISL"]
[Date "1996.03.10"]
[Round "9.4"]
[White "Agdestein, Simen"]
[Black "Hansen, Curt"]
[Result "1/2-1/2"]
[WhiteElo "2585"]
[BlackElo "2615"]
[EventDate "1996.03.02"]
[PlyCount "27"]

1.d4 d5 2.c4 e6 3.Nf3 Nf6 4.Nc3 c6 5.cxd5 exd5 6.Bg5 Be7 7.Qc2 g6 8.e3 Bf5
9.Bd3 Bxd3 10.Qxd3 Nbd7 11.O-O O-O 12.a3 a5 13.Qc2 Re8 14.Nd2 1/2-1/2

[Event "17th Reykjavik op"]
[Site "Reykjavik ISL"]
[Date "1996.03.10"]
[Round "9.7"]
[White "Gretarsson, Andri Ass"]
[Black "De Kleuver, Esther"]
[Result "1/2-1/2"]
[WhiteElo "2330"]
[BlackElo "2210"]
[EventDate "1996.03.02"]
[PlyCount "28"]

1.e4 c5 2.Nf3 e6 3.d3 d5 4.Nbd2 Nc6 5.g3 Bd6 6.Bg2 Nge7 7.O-O O-O 8.Re1 b6
9.h4 Bb7 10.Nf1 Qd7 11.N1h2 dxe4 12.dxe4 Rad8 13.c3 Bb8 14.Qe2 Qd3 1/2-1/2

[Event "17th Reykjavik op"]
[Site "Reykjavik ISL"]
[Date "1996.03.10"]
[Round "9.9"]
[White "Gunnarsson, Arinbjorn"]
[Black "Andreasen, Per"]
[Result "1/2-1/2"]
[WhiteElo "2220"]
[BlackElo "2325"]
[EventDate "1996.03.02"]
[PlyCount "31"]

1.e4 g6 2.c4 Bg7 3.d4 d6 4.Nc3 e5 5.Nge2 Nc6 6.Be3 f5 7.exf5 gxf5 8.dxe5 
dxe5 9.Qxd8+ Nxd8 10.f4 Ne6 11.g3 e4 12.O-O-O Ne7 13.Nd4 Nxd4 14.Bxd4 Bxd4
15.Rxd4 Nc6 16.Rd2 1/2-1/2

[Event "17th Reykjavik op"]
[Site "Reykjavik ISL"]
[Date "1996.03.10"]
[Round "9.11"]
[White "Gulko, Boris"]
[Black "Vidarsson, Jon"]
[Result "1-0"]
[WhiteElo "2615"]
[BlackElo "2340"]
[EventDate "1996.03.02"]
[PlyCount "93"]

1.Nf3 Nf6 2.c4 e6 3.g3 b6 4.Bg2 Bb7 5.O-O c5 6.Nc3 Be7 7.Re1 O-O 8.e4 d6 
9.d4 cxd4 10.Nxd4 Ne8 11.b3 Qd7 12.Bh3 Nc6 13.Nd5 Nxd4 14.Nxe7+ Qxe7 15.
Qxd4 Qf6 16.Bb2 Qxd4 17.Bxd4 Nf6 18.f3 Rfd8 19.Red1 Ne8 20.a4 Nc7 21.b4 d5
22.cxd5 exd5 23.Rac1 Ne8 24.e5 Bc8 25.Bf1 Bd7 26.a5 bxa5 27.bxa5 Ba4 28.
Rd2 Rd7 29.Rb2 Rc7 30.Rxc7 Nxc7 31.Rb7 Ne6 32.Bxa7 Bc6 33.a6 Kf8 34.f4 g6 
35.Rb8+ Rxb8 36.Bxb8 Ke7 37.a7 f6 38.Bd6+ Kf7 39.exf6 Kxf6 40.Kf2 g5 41.
Be5+ Kf7 42.f5 Nc5 43.Ke3 Ba8 44.Be2 Ke7 45.Bh5 Ne4 46.Kd4 Bb7 47.Bg7 1-0

[Event "17th Reykjavik op"]
[Site "Reykjavik ISL"]
[Date "1996.03.10"]
[Round "9.12"]
[White "Jonasson, Benedikt"]
[Black "Van der Werf, Mark"]
[Result "0-1"]
[WhiteElo "2280"]
[BlackElo "2400"]
[EventDate "1996.03.02"]
[PlyCount "40"]

1.e4 c5 2.Nf3 e6 3.d4 cxd4 4.Nxd4 Nc6 5.Nc3 Qc7 6.g3 a6 7.Bg2 Nf6 8.O-O 
Bc5 $5 {Man spielt seit ungefaehr zwei Jahren wieder diese interresante 
Variante.} 9.Be3 $6 ( 9.Nb3 Ba7 10.Kh1 d6 11.f4 h5 $13 {De 
Firmian,N-Benjamin,J/USA-ch/1995/CBM51/INF65,(187)/} ) 9...Ne5 $1 {i i c4}
10.Qe2 $146 ( 10.Bf4 d6 11.a4 Bd7 12.b3 Neg4 13.Bg5 h6 14.Bxf6 Nxf6 15.Qd3
O-O $15 {Valenti,G-Gostisa,L/Bled op/1995/EXP46/} ) 10...d6 {i i eg4} 11.
h3 b5 12.f4 Nc4 {Schwarz hat die Er@arz ffnungsprobleme zufriedenstellend 
gel@edenstellend st.} 13.Bf2 O-O $5 {Schwarz hat keine Angst vor e4-e5, 
sonst sollte er hier ib7 spielen.} 14.e5 dxe5 15.fxe5 ( 15.Bxa8 exd4 16.
Ne4 Nxe4 17.Bxe4 Nxb2 $44 ) ( 15.Ndxb5 axb5 16.Bxa8 ( 16.Nxb5 $2 Bxf2+ 17.
Rxf2 Qc5 $19 ) 16...Ba6 17.Bg2 exf4 $44 ) 15...Nd5 16.Nxd5 ( 16.Bxd5 exd5 
17.Nxd5 Qd7 $17 ) ( 16.Ne4 Be7 $1 $15 {e5, b2} ) 16...exd5 17.e6 $2 {Eine 
verfehlte Kombination.} ( 17.Bxd5 Bxh3 18.Bxa8 Bxf1 19.Rxf1 Rxa8 $15 ) 
17...fxe6 18.Nxe6 {Weiss dachte, dass der Nachziehende ixe6 spielen mu@len
, aber es kommt eine "kleine" Ueberraschung.} 18...Rxf2 $1 {} 19.Rxf2 
Bxf2+ 20.Kf1 ( 20.Kxf2 Qb6+ $19 {nebst ixe6} ) 20...Qxg3 0-1

[Event "17th Reykjavik op"]
[Site "Reykjavik ISL"]
[Date "1996.03.10"]
[Round "9.13"]
[White "Olsen, Heini"]
[Black "Karason, Askell Oern"]
[Result "1/2-1/2"]
[WhiteElo "2325"]
[BlackElo "2230"]
[EventDate "1996.03.02"]
[PlyCount "55"]

1.d4 Nf6 2.Nf3 e6 3.g3 b5 4.Bg2 Bb7 5.O-O c5 6.Na3 a6 7.c4 b4 8.Nc2 Qb6 9.
Be3 Be7 10.dxc5 Bxc5 11.Bxc5 Qxc5 12.Qd4 Qxd4 13.Nfxd4 Bxg2 14.Kxg2 a5 15.
a3 b3 16.Nxb3 a4 17.Nbd4 Ke7 18.Nb4 Na6 19.Nd3 Rhc8 20.Rac1 Ne4 21.Rc2 
Rab8 22.f3 Nec5 23.Rd1 g6 24.e4 Nxd3 25.Rxd3 Nc5 26.Rd1 f6 27.Rcd2 Rb7 28.
Nb5 1/2-1/2

[Event "17th Reykjavik op"]
[Site "Reykjavik ISL"]
[Date "1996.03.10"]
[Round "9.15"]
[White "Werner, Bernd-Michael"]
[Black "Gunnarsson, Arnar"]
[Result "1-0"]
[WhiteElo "2165"]
[BlackElo "2130"]
[EventDate "1996.03.02"]
[PlyCount "61"]

1.e4 e5 2.Nf3 Nc6 3.d4 exd4 4.Nxd4 Bc5 5.Be3 Qf6 6.c3 Nge7 7.Bc4 b6 8.O-O 
Bb7 9.Nb5 Rc8 10.Bxc5 bxc5 11.Nd2 O-O 12.a4 d6 13.f4 Qh6 14.Rf3 Ng6 15.Qf1
a6 16.Na3 Nce7 17.Qf2 Rb8 18.Rf1 Qh4 19.Rg3 Bc8 20.f5 Ne5 21.Rxg7+ Kxg7 
22.Qxh4 f6 23.Nf3 N7c6 24.Bd5 Rxb2 25.Nc4 Nxc4 26.Bxc4 Bd7 27.g4 h6 28.g5 
hxg5 29.Nxg5 Ne5 30.Ne6+ Bxe6 31.Bxe6 1-0

[Event "17th Reykjavik op"]
[Site "Reykjavik ISL"]
[Date "1996.03.10"]
[Round "9.17"]
[White "Djurhuus, Rune"]
[Black "Olafsson, Helgi"]
[Result "1/2-1/2"]
[WhiteElo "2505"]
[BlackElo "2485"]
[EventDate "1996.03.02"]
[PlyCount "91"]

1.d4 d5 2.c4 e6 3.Nc3 Be7 4.cxd5 exd5 5.Bf4 Nf6 6.e3 Bf5 7.Qb3 Nc6 8.Qxb7 
Nb4 9.Rc1 O-O 10.Qxc7 Qxc7 11.Bxc7 Rfc8 12.Bg3 Ne4 13.a3 Nxc3 14.Rxc3 Na2 
15.Kd2 Nxc3 16.bxc3 Rc6 17.Bd3 Bxd3 18.Kxd3 Bxa3 19.Ne2 Bd6 20.Bxd6 Rxd6 
21.Ra1 a5 22.Ra4 Kf8 23.e4 dxe4+ 24.Kxe4 Rh6 25.h3 Rf6 26.f3 Re8+ 27.Kd3 
Rfe6 28.Nc1 Re1 29.Nb3 R1e2 30.Rxa5 R8e3+ 31.Kc4 Rc2 32.Ra8+ Ke7 33.Nc5 
Rexc3+ 34.Kd5 Re3 35.Ra7+ Kf6 36.Nd7+ Kf5 37.Nf8 Kf6 38.Nxh7+ Kg6 39.Nf8+ 
Kf6 40.Nd7+ Kf5 41.Ne5 Rxe5+ 42.dxe5 Rd2+ 43.Kc4 Rxg2 44.Rxf7+ Kxe5 45.Kd3
Rh2 46.Rxg7 1/2-1/2

[Event "17th Reykjavik op"]
[Site "Reykjavik ISL"]
[Date "1996.03.10"]
[Round "9.18"]
[White "Thorfinnsson, Bjoern"]
[Black "Edvardsson, Kristjan"]
[Result "0-1"]
[WhiteElo "2060"]
[BlackElo "2190"]
[EventDate "1996.03.02"]
[PlyCount "81"]

1.d4 Nf6 2.c4 e6 3.Nc3 Bb4 4.e3 b6 5.Qc2 Bb7 6.f3 c5 7.Bd3 cxd4 8.exd4 Nc6
9.Ne2 d5 10.Be3 dxc4 11.Bxc4 O-O 12.O-O Rc8 13.Bb3 Na5 14.Bg5 Nxb3 15.Qxb3
Be7 16.Bxf6 Bxf6 17.Rfd1 Qe7 18.Rd2 Rfd8 19.Rad1 h6 20.Ne4 Rc7 21.Qe3 Rcd7
22.N2c3 Kf8 23.Kf2 Bh4+ 24.g3 Bf6 25.Ne2 Bg5 26.Nxg5 hxg5 27.Nc3 Qf6 28.h3
Qh6 29.Rh1 Qf6 30.Rhd1 Qf5 31.g4 Qf6 32.Ne2 Bd5 33.Ng3 Bb7 34.Nh5 Qh6 35.
Rh1 Qg6 36.h4 gxh4 37.Rxh4 Ke7 38.Nf4 Qf6 39.Kg3 g5 40.Nh5 gxh4+ 41.Kh3 
0-1

[Event "17th Reykjavik op"]
[Site "Reykjavik ISL"]
[Date "1996.03.10"]
[Round "9.19"]
[White "Yoos, John"]
[Black "Bjornsson, Bjorn Freyr"]
[Result "1-0"]
[WhiteElo "2345"]
[BlackElo "2230"]
[EventDate "1996.03.02"]
[PlyCount "81"]

1.e4 e5 2.f4 d5 3.exd5 e4 4.d3 Nf6 5.dxe4 Nxe4 6.Nf3 Bc5 7.Qe2 Bf2+ 8.Kd1 
f5 9.Nfd2 Qxd5 10.Nc3 Qd4 11.Nxe4 fxe4 12.c3 Qe3 13.Nxe4 Qxe2+ 14.Bxe2 Bb6
15.a4 Nc6 16.Re1 Bf5 17.Bh5+ Kd7 18.Ng3 Be6 19.Kc2 Na5 20.b4 Nc4 21.f5 Bd5
22.Rd1 c6 23.Bf3 Rad8 24.Bxd5 cxd5 25.Rxd5+ Kc6 26.Rxd8 Rxd8 27.b5+ Kd7 
28.Bf4 Rc8 29.Rd1+ Ke7 30.Bg5+ Ke8 31.Nh5 Rc7 32.Rd3 Bg1 33.h3 Ne5 34.Rd8+
Kf7 35.Bf4 Re7 36.Bxe5 Rxe5 37.Rd7+ Kf8 38.Nxg7 Re2+ 39.Kb3 Rxg2 40.Ne6+ 
Kg8 41.f6 1-0

[Event "17th Reykjavik op"]
[Site "Reykjavik ISL"]
[Date "1996.03.10"]
[Round "9.20"]
[White "Schubert, Hans-Joachim"]
[Black "Briem, Stefan"]
[Result "1/2-1/2"]
[WhiteElo "2120"]
[BlackElo "2180"]
[EventDate "1996.03.02"]
[PlyCount "86"]

1.e4 e5 2.Nf3 Nc6 3.Bc4 Nf6 4.Ng5 d5 5.exd5 Nd4 6.c3 b5 7.Bf1 Nxd5 8.cxd4 
Qxg5 9.Bxb5+ Bd7 10.Bxd7+ Kxd7 11.O-O exd4 12.Qa4+ c6 13.Qxd4 Bd6 14.d3 
Qh5 15.g3 Be5 16.Qc5 Qf3 17.Nc3 Rhb8 18.Nxd5 Qxd5 19.Qxd5+ cxd5 20.Rb1 a5 
21.d4 Bd6 22.Be3 a4 23.Rfe1 Rb5 24.Re2 Rab8 25.Kf1 Ba3 26.Bc1 Rb4 27.Rd2 
Rc4 28.Rd3 Bd6 29.Be3 a3 30.Rb3 Rxb3 31.axb3 Rc2 32.bxa3 Bxa3 33.Ke1 Rb2 
34.Rxb2 Bxb2 35.Kd2 Kc6 36.Kc2 Ba3 37.Kd3 Be7 38.Bd2 h5 39.h3 g6 40.g4 
hxg4 41.hxg4 g5 42.f4 f6 43.fxg5 fxg5 1/2-1/2

[Event "17th Reykjavik op"]
[Site "Reykjavik ISL"]
[Date "1996.03.10"]
[Round "9.21"]
[White "Kjeld, Matthias"]
[Black "Schmied, Andreas"]
[Result "0-1"]
[WhiteElo "2155"]
[BlackElo "2155"]
[EventDate "1996.03.02"]
[PlyCount "73"]

1.d4 d5 2.c4 e6 3.Nc3 c5 4.cxd5 exd5 5.Nf3 Nc6 6.e3 Nf6 7.dxc5 Bxc5 8.Bd3 
O-O 9.O-O Re8 10.a3 Bg4 11.Be2 a6 12.b4 Ba7 13.Bb2 b5 14.Rc1 Rc8 15.h3 Be6
16.a4 Nxb4 17.axb5 a5 18.Nd4 Ne4 19.Na4 Qd6 20.Re1 Bd7 21.f4 Qg6 22.g4 Qh6
23.Bf1 Qh4 24.Qf3 Rxc1 25.Rxc1 Nd2 26.Qg2 Nxf1 27.Rxf1 Rxe3 28.Kh2 Nd3 29.
Bc3 Bb8 30.Ne2 g5 31.Be5 Nxe5 32.fxe5 Bxe5+ 33.Kg1 Rxh3 34.Qxd5 Rh1+ 35.
Kg2 Qh2+ 36.Kf3 Rxf1+ 37.Ke3 0-1

[Event "17th Reykjavik op"]
[Site "Reykjavik ISL"]
[Date "1996.03.10"]
[Round "9.22"]
[White "Bjarnason, Saevar"]
[Black "Thorarinsson, Pall"]
[Result "1/2-1/2"]
[WhiteElo "2305"]
[BlackElo "2065"]
[EventDate "1996.03.02"]
[PlyCount "120"]

1.d4 Nf6 2.c4 e6 3.Nf3 Bb4+ 4.Nbd2 c5 5.g3 b6 6.a3 Bxd2+ 7.Qxd2 Bb7 8.Bg2 
O-O 9.O-O d6 10.b3 Nbd7 11.Bb2 Qc7 12.Rac1 Rac8 13.Rfd1 Qb8 14.dxc5 dxc5 
15.Qf4 Qxf4 16.gxf4 Rfd8 17.Rd3 Be4 18.Rd2 Nb8 19.Rcd1 Nc6 20.Ne5 Rxd2 21.
Rxd2 Bxg2 22.Kxg2 Na5 23.b4 Nb7 24.b5 Rd8 25.Rxd8+ Nxd8 26.Nc6 Nb7 27.Be5 
Ne8 28.Nxa7 Ned6 29.a4 Nxc4 30.Nc8 f6 31.Bc3 Kf8 32.Na7 Ke8 33.Nc6 Kd7 34.
Kf3 Nd8 35.Nxd8 Kxd8 36.e4 Nd6 37.Ke3 Kc7 38.Kd3 Nb7 39.h4 Kd7 40.h5 Ke7 
41.f3 Kf7 42.a5 bxa5 43.Kc4 g6 44.h6 f5 45.exf5 gxf5 46.b6 Ke7 47.Kb5 Kd7 
48.Bxa5 Nxa5 49.Kxa5 {[#] B-B: schwarze B-Schwaeche h7; Opposition; 
Pattschlu@ ; einfach} 49...c4 50.Kb4 Kc6 51.Kxc4 Kxb6 52.Kd4 Kc6 53.Ke5 
Kd7 54.Kf6 Kd6 55.Kf7 Kd7 56.Kg8 Ke8 ( 56...Ke7 $5 57.Kg7 Ke8 58.Kf6 Kd7 
59.Kf7 Kd6 60.Ke8 e5 61.fxe5+ Kxe5 62.Kf7 f4 63.Kg7 Ke6 ( 63...Kd4 $2 64.
Kxh7 Ke3 65.Kg6 Kxf3 66.h7 Kg2 67.h8=Q f3 68.Qa8 $18 ) 64.Kxh7 Kf7 $10 ) 
57.Kh8 Kf8 ( 57...Kf7 $2 58.Kxh7 {Zugzwang} ) 58.Kxh7 Kf7 59.Kh8 Kf8 60.h7
Kf7 1/2-1/2

[Event "17th Reykjavik op"]
[Site "Reykjavik ISL"]
[Date "1996.03.10"]
[Round "9.23"]
[White "Gunnarsson, Jon Viktor"]
[Black "Bronstein, David"]
[Result "0-1"]
[WhiteElo "2180"]
[BlackElo "2455"]
[EventDate "1996.03.02"]
[PlyCount "100"]

1.e4 d5 2.exd5 Nf6 3.d4 Nxd5 4.c4 Nb4 $6 ( 4...Nf6 5.Nf3 e6 6.Bd3 c5 7.Be3
Nc6 $5 8.dxc5 Qa5+ 9.Qd2 Qxd2+ 10.Nbxd2 Ng4 {1-0 
Waldmann,G-Orsario,W/Finkenstein op (05) ;TD 93\07 1993} ) ( 4...Nb6 5.Nc3
( 5.c5 Nd5 6.Nc3 g6 7.Bc4 Nxc3 8.Qf3 e6 9.bxc3 Bg7 10.Ne2 Nc6 11.Bf4 O-O 
12.Qg3 e5 {0-1 Stavru,A-Nielsen,PH/Forli op (04) ;TD 92\11 1992} ) 5...g6 
6.Be3 Bg7 7.h3 O-O 8.Nf3 Nc6 9.Qd2 e5 10.d5 Na5 11.b3 f5 {
Thomas,I-Thorhallsson,T/Oakham ;TD 88\02 1988/E-E (42)} ) 5.Qa4+ ( 5.a3 
N4a6 6.b4 ( 6.Nc3 c6 7.h3 Bf5 8.Nf3 h6 9.Be3 e6 10.Be2 Bd6 11.Qd2 {1-0 
Preis,W-Balek,J/Cattolica (03) ;TD 93\07 1993} ) 6...c6 7.Bb2 Bf5 8.Nc3 e6
9.Be2 Be7 10.Nf3 O-O 11.O-O Nc7 12.Qb3 Nd7 13.Rfd1 {
Preuschoff,M-Preuss,S/OLNO 9192 (1992) ;BIG 1992/1-0 (45)} ) 5...N8c6 6.a3
$1 ( 6.d5 b5 $1 7.Qxb5 ( 7.cxb5 Nd4 8.Na3 e5 9.Bd2 Nxd5 10.Nf3 Nb6 11.Qd1 
Bg4 12.Be2 Nxe2 13.Qxe2 Bd6 14.Qe4 Bxf3 15.Qxf3 O-O 16.O-O Bxa3 {0-1 
Poenisch,H-Preuss,S/OLNO 9192 (1992) ;BIG 1992} ) 7...Nc2+ 8.Kd2 Bd7 9.
dxc6 Bf5+ 10.Qd5 Nb4 $40 ) 6...Na6 7.Nf3 $14 ( 7.Be3 Bd7 8.Qd1 e5 9.d5 Ne7
10.Bd3 Nf5 11.Bxf5 Bxf5 12.Nf3 Nc5 13.O-O Nd7 14.Re1 Be7 15.Nc3 {
Stoian,V-Hamid,K/WchJM U18 Duisburg (10) ;TD 92\06 1992/E-E (40)} ) 7...e5
$5 8.Nxe5 ( 8.dxe5 Nc5 9.Qc2 g6 $36 ) ( 8.dxe5 Nc5 $44 ) 8...Qxd4 9.Nxc6 
Qe4+ $8 ( 9...Qd7 10.b4 Qxc6 11.Qxc6+ bxc6 12.Bb2 $14 ) 10.Be3 Bd7 ( 10...
Qxc6 11.Qxc6+ bxc6 12.b4 $14 ) 11.Nc3 Bxc6 ( 11...Qxc6 {g2} ) 12.Nxe4 ( 
12.Qxa6 Qxe3+ 13.fxe3 bxa6 $15 ) 12...Bxa4 13.Rc1 ( 13.Be2 Bc6 14.Bf3 $10 
) 13...Bc6 14.Nc3 Bc5 $10 15.b4 ( 15.Bxc5 Nxc5 16.b4 Ne6 $10 ) 15...Bxe3 
16.fxe3 {ib5} 16...Bd7 ( 16...Nb8 17.Nd5 $14 ) 17.c5 Nb8 ( 17...c6 18.Bxa6
bxa6 19.Ne4 $14 ) 18.Bc4 ( 18.Be2 Nc6 19.Bf3 O-O-O {ii e5} ) 18...Nc6 19.
Bd5 ( 19.Nb5 O-O-O 20.Bxf7 Ne5 $17 ) 19...Rb8 ( 19...O-O 20.b5 $5 ) 20.
Bxc6 $6 bxc6 $5 ( 20...Bxc6 21.Kf2 ) 21.O-O ( 21.Kf2 ) 21...Ke7 ( 21...O-O
22.Rcd1 Be6 23.Rf4 $14 ) 22.Ne2 a5 23.Rb1 ( 23.Rf4 axb4 24.axb4 Ra8 25.Rc2
{ii /=} ) 23...axb4 24.axb4 Ra8 25.Rb2 ( 25.Rf4 Ra2 26.Kf2 Rha8 $10 ) 
25...Ra3 26.Kf2 Bf5 ( 26...Rb8 27.Rd1 Bg4 ) 27.Rd1 Rha8 ( 27...Bg4 28.Rbd2
Rb8 29.Rd4 Bxe2 30.Kxe2 $36 ) 28.Kf3 h5 ( 28...Be6 29.Nf4 ) 29.h3 Kf6 30.
Nd4 Re8 ( 30...Bd7 31.Nc2 $18 ) 31.Nxf5 Kxf5 32.Re2 Re7 ( 32...Re4 33.Rd7 
Rf4+ 34.Kg3 Rxb4 35.Rxf7+ $16 ) 33.Rd4 {ii f4} 33...g5 {ig4} 34.g4+ hxg4+ 
( 34...Kg6 $5 ) 35.hxg4+ Kf6 36.Kf2 ( 36.Re4 Rxe4 37.Kxe4 Rb3 38.Rf2+ Ke6 
$19 ) 36...Rb3 37.Kf3 Kg6 38.Kf2 Re8 {ii h8,b8} 39.Kf3 Rb8 ( 39...Re7 40.
Kf2 ) 40.Rd7 R8xb4 ( 40...Rb7 ) 41.Rxc7 Rf4+ 42.Kg2 ( 42.Kg3 Rf6 {c5} ) 
42...Rxg4+ 43.Kh3 ( 43.Kf2 Rc3 44.Rxc6+ Kf5 $17 ) 43...Re4 44.Rxc6+ f6 45.
Kg2 Rexe3 46.Rd2 ( 46.Rxe3 Rxe3 47.Rc8 Rc3 ) ( 46.Rc2 Rec3 ) 46...Red3 47.
Re2 Rbc3 48.Rc8 Rd5 49.c6 Rdc5 50.Re6 Kf5 0-1